000 00772nam a2200229 i 4500
001 103593
003 ES-MaACL
005 20230906183414.0
007 t|
008 060420s1975 pr |||| | spa d
080 _a821.134.2(72)Fuentes, Carlos1.07Región más transparente
100 1 _aSánchez Reyes, Carmen.
_9102875
245 1 0 _aCarlos Fuentes y "La región más transparente" /
_cCarmen Sánchez Reyes.
250 _a1ª ed.
260 _a[Río Piedras] :
_bEdit. Universitaria,
_c1975.
300 _a272 p. ;
_c19 cm.
490 1 _aUprex. Estudios literarios ;
_v45
600 1 4 _aFuentes, Carlos-
_xCrítica e interpretación.
_9142426
830 0 _aUprex. Estudios literarios ;
_v45
_9184780
852 _aES-MaACL
_jC-56826
999 _c103593
_d103593